|
|
|
|
| LEADER |
02398nam a2200337 a 4500 |
| 001 |
GR-Patra38524 |
| 003 |
GR-PaULI |
| 005 |
20230512130414.0 |
| 008 |
160516s2012 gr g b 001 0 gre d |
| 952 |
|
|
|0 0
|1 0
|2 ddc
|4 0
|6 615_820000000000000_COO
|7 0
|9 317860
|a LISP
|b LISP
|c BSC
|d 2021-01-17
|e 24
|f
|g 0.00
|i 66592
|l 0
|o 615.82 COO
|p 025000300724
|r 2021-01-17 00:00:00
|t 3
|v 2021.00
|w 2021-01-17
|y BK15
|e
|x GrPaTEI
|
| 952 |
|
|
|0 0
|1 0
|2 ddc
|4 0
|6 615_820000000000000_COO
|7 0
|9 317861
|a LISP
|b LISP
|c BSC
|d 2021-01-17
|e 24
|f
|g 0.00
|i 62004
|l 0
|o 615.82 COO
|p 025000300725
|r 2021-01-17 00:00:00
|t 4
|v 2021.00
|w 2021-01-17
|y BK15
|e
|x GrPaTEI
|
| 952 |
|
|
|0 0
|1 0
|2 ddc
|4 0
|6 615_820000000000000_COO
|7 0
|9 317862
|a LISP
|b LISP
|c ALFb
|d 2021-01-17
|e 24
|f
|g 0.00
|i 68218
|l 0
|o 615.82 COO
|p 025000300726
|r 2021-01-17 00:00:00
|t 5
|v 2021.00
|w 2021-01-17
|y BK15
|x GrPaTEI
|
| 952 |
|
|
|0 0
|1 0
|2 ddc
|4 0
|6 615_820000000000000_COO
|7 0
|9 317866
|a LISK
|b LISK
|c EUD
|d 2021-01-17
|e 24
|f 0
|g 0.00
|l 0
|o 615.82 COO
|p 99241000068145
|r 2021-01-17 00:00:00
|t 1
|w 2021-01-17
|y BK15
|x Purchase/Donation Number
|x General Note
|x GrPaTEI
|
| 952 |
|
|
|0 0
|1 0
|2 ddc
|4 0
|6 615_820000000000000_COO
|7 1
|9 317867
|a LISK
|b LISK
|c EUD
|d 2021-01-17
|e 24
|f 0
|g 0.00
|l 0
|o 615.82 COO
|p 99241000068144
|r 2021-01-17 00:00:00
|t 1
|w 2021-01-17
|y BKN
|x Purchase/Donation Number
|x General Note
|x GrPaTEI
|
| 999 |
|
|
|c 180783
|d 180783
|
| 020 |
|
|
|a 9789607875853
|
| 040 |
|
|
|a GrPaTEI
|b gre
|c GR-PaULI
|e AACR2
|
| 082 |
0 |
4 |
|a 615.82
|2 23
|
| 100 |
1 |
|
|a Cook, Chad
|9 198022
|e συγγραφέας.
|
| 245 |
1 |
0 |
|a Φυσικοθεραπεία :
|b ορθοπαιδική χειροθεραπεία : μια τεκμηριωμένη προσέγγιση /
|c Chad E. Cook ; επιμέλεια Παναγιώτης Β. Τσακλής, Ηλίας Τσέπης.
|
| 250 |
|
|
|a 2η εκδ.
|
| 260 |
|
|
|a Αθήνα :
|b Λαγός,
|c c2012.
|
| 300 |
|
|
|a 618 σ. :
|b εικ. ;
|c 29 εκ.
|
| 500 |
|
|
|a Τίτλος πρωτοτύπου: Orthopedic manual therapy : an evidence based approach.
|
| 504 |
|
|
|a Περιλαμβάνει βιβλιογραφικές αναφορές και ευρετήριο.
|
| 650 |
|
4 |
|a Φυσικοθεραπεία
|9 31045
|
| 700 |
1 |
|
|a Τσακλής, Παναγιώτης Β.
|9 90964
|e επιμελητής.
|
| 700 |
1 |
|
|a Τσέπης, Ηλίας
|9 198023
|e επιμελητής.
|
| 765 |
|
|
|i Μετάφραση του:
|t Orthopedic manual therapy : an evidence based approach.
|
| 942 |
|
|
|2 ddc
|c BK
|
| 998 |
|
|
|c ΜΠΟΥΡΑΣ
|d 2023-05
|